[Event "Eq:au plaisir du jeux -Vikings :"]
[Site "www.echecsemail.com"]
[Date "2026.02.13"]
[Round "1"]
[White "Jajaf1959"]
[Black "Lecavaliernoir"]
[WhiteElo "1930"]
[BlackElo "1550"]
[Result "1-0"]
1.d4 d5
2.c4 e6
3.Bc1f4 Ng8f6
4.e3 Bf8e7
5.Ng1f3 O-O
6.Bf1d3 Be7d6
7.Bf4g5 c6
8.c5 Bd6e7
9.O-O Qd8c7
10.Bg5f4 Qc7d8
11.Nb1c3 b5
12.b4 a5
13.a3 axb4
14.axb4 Nb8a6
15.Qd1b3 Nf6g4
16.h3 Ng4f6
17.Nf3e5 Nf6d7
18.Ne5xc6 Qd8e8
19.Nc6xe7 Qe8xe7
20.Bf4d6 Qe7e8
21.Bd6xf8 Nd7xf8
22.Nc3xb5 Qe8c6
23.Nb5d6 Bc8b7
24.b5 Qc6c7
25.bxa6 Bb7c8
26.Qb3b6 Qc7d7
27.a7 f5
28.Qb6b8 Qd7c6
29.Nd6xc8 Nf8d7
30.Nc8e7 Kf7
31.Ne7xc6 Nd7xb8
32.axb8Q Ra8xb8
33.Nc6xb8 g6
34.c6 { abandon }1-0

[Event "Coupe Niveau 3"]
[Site "www.echecsemail.com"]
[Date "2026.02.13"]
[Round "1"]
[White "Elghribi"]
[Black "Tartu"]
[WhiteElo "1910"]
[BlackElo "1720"]
[Result "1-0"]
1.e4 c6
2.d4 d5
3.e5 Bc8f5
4.Bf1d3 Bf5g6
5.Bd3xg6 hxg6
6.Ng1f3 e6
7.Bc1e3 Nb8d7
8.O-O Ng8e7
9.Rf1e1 Ne7f5
10.Nb1d2 Bf8e7
11.Nd2f1 Nf5h4
12.c3 Nh4xf3
13.Qd1xf3 Be7g5
14.Be3xg5 Qd8xg5
15.Ra1d1 f6
16.exf6 Nd7xf6
17.Re1xe6 Kf7
18.Rd1e1 Ra8e8
19.Re6xe8 Rh8xe8
20.Re1xe8 Kxe8
21.Qf3e3 Qg5xe3
22.fxe3 Ke7
23.g3 b6
24.Kg2 c5
25.Kf3 Ke6
26.Nf1d2 cxd4
27.exd4 Kf5
28.h3 g5
29.g4 Ke6
30.b3 a5
31.a4 g6
32.b4 Nf6d7
33.Nd2b3 axb4
34.cxb4 Nd7b8
35.Nb3c1 Nb8c6
36.Nc1a2 Nc6xd4
37.Ke3 Nd4c6
38.b5 Nc6a5
39.Na2b4 Kd6
40.Nb4d3 Na5c4
41.Kd4 Nc4a3
42.Nd3b4 Ke6
43.Nb4xd5 Na3c2
44.Ke4 Kd6
45.Nd5xb6 Kc5
46.Nb6d7 Kb4
47.b6 Kxa4
48.b7 { abandon }1-0

[Event "Eq:Les enfants de l Atlantide-Pirates du Mat :"]
[Site "www.echecsemail.com"]
[Date "2026.02.13"]
[Round "1"]
[White "Ohtani"]
[Black "Breton"]
[WhiteElo "2009"]
[BlackElo "1970"]
[Result "0-1"]
1.d4 d5
2.c4 e6
3.Nb1c3 Ng8f6
4.Bc1g5 Nb8d7
5.e3 c6
6.Ng1f3 Qd8a5
7.Bf1d3 Nf6e4
8.Qd1c2 Ne4xg5
9.Nf3xg5 dxc4
10.Bd3xc4 Qa5xg5
11.O-O Bf8d6
12.Nc3e4 Qg5e7
13.Ne4xd6 Qe7xd6
14.Bc4d3 h6
15.Ra1c1 O-O
16.Bd3h7 Kh8
17.Bh7e4 Nd7f6
18.Be4f3 e5
19.dxe5 Qd6xe5
20.Rc1d1 Bc8f5
21.Qc2b3 Ra8b8
22.h3 Bf5e6
23.Qb3a3 a5
{ abandon }0-1

[Event "Défi( 10J+24H/c 10J Max )"]
[Site "www.echecsemail.com"]
[Date "2026.02.13"]
[Round "1"]
[White "Titit1"]
[Black "Geantvert"]
[WhiteElo "1440"]
[BlackElo "1860"]
[Result "0-1"]
1.d4 f5
2.Ng1f3 Ng8f6
3.Nb1c3 b6
4.Bc1f4 Bc8b7
5.Nc3b5 d6
6.Qd1d2 e6
7.O-O-O Bf8e7
8.e3 O-O
9.Nf3g5 Bb7c8
10.Bf1e2 a6
11.Nb5c3 h6
12.Ng5f3 Nb8d7
13.h3 Bc8b7
14.g4 Nf6d5
15.g5 Nd5xf4
16.exf4 Qd8e8
17.gxh6 gxh6
18.Rd1g1 Kh7
19.Rh1h2 Rf8g8
20.Nc3d1 Qe8f7
21.Nd1e3 Rg8xg1
22.Ne3d1 Rg1g7
23.Qd2c3 c5
24.dxc5 Nd7xc5
25.Rh2h1 Ra8c8
26.Qc3e1 Rc8g8
27.Nd1e3 Nc5e4
28.Be2d3 Be7f6
29.c3 b5
30.Kc2 Ne4c5
31.Bd3e2 e5
32.fxe5 Bb7e4
33.Kc1 Qf7xa2
34.Ne3c2 Nc5b3
35.Kd1 Qa2b1
0-1

[Event "Gisèle 2"]
[Site "www.echecsemail.com"]
[Date "2026.02.13"]
[Round "1"]
[White "Intrigue"]
[Black "Pgo"]
[WhiteElo "1680"]
[BlackElo "1710"]
[Result "0-1"]
1.e4 e5
2.Ng1f3 Nb8c6
3.Bf1c4 Bf8c5
4.O-O d6
5.Nb1c3 Ng8f6
6.h3 O-O
7.a3 h6
8.b4 Bc5d4
9.Bc1b2 a6
10.d3 Bd4xc3
11.Bb2xc3 Rf8e8
12.Rf1e1 Bc8e6
13.Bc4xe6 Re8xe6
14.d4 exd4
15.Nf3xd4 Nc6xd4
16.Bc3xd4 Re6xe4
17.Re1xe4 Nf6xe4
18.Qd1g4 Ne4f6
19.Qg4g3 c6
20.Ra1e1 Kh8
21.c4 b6
22.a4 c5
23.bxc5 dxc5
24.Bd4c3 g5
25.Qg3e5 Kg7
26.g3 Ra8a7
27.Qe5f5 Qd8d6
28.Kg2 Ra7e7
29.Re1f1 Qd6c6
30.Kh2 Re7e6
31.Rf1d1 Qc6xa4
32.Qf5d5 Qa4b3
33.Bc3xf6 Re6xf6
34.Rd1d2 Qb3f3
35.Qd5d8 a5
36.Rd2b2 Qf3c3
37.Rb2e2 Qc3xc4
38.Qd8e8 Qc4d4
39.Kg2 a4
40.h4 g4
41.Re2e4 Qd4xf2
42.Kh1 Qf2f1
{ abandon }0-1

[Event "Tournoi n27463"]
[Site "www.echecsemail.com"]
[Date "2026.02.13"]
[Round "1"]
[White "Tiounet"]
[Black "Patau"]
[WhiteElo "1620"]
[BlackElo "1660"]
[Result "1-0"]
1.a3 e5
2.b4 c5
3.bxc5 Bf8xc5
4.e3 d5
5.g3 d4
6.exd4 Bc5xd4
7.c3 Bd4b6
8.Bf1g2 Nb8c6
9.Ng1e2 Ng8f6
10.O-O O-O
11.c4 Bc8e6
12.d3 Bb6d4
13.Nb1c3 Qd8d7
14.Bg2xc6 Qd7xc6
15.Ne2xd4 exd4
16.Nc3b5 Rf8d8
17.Bc1b2 Be6g4
18.Qd1d2 Bg4h3
19.f3 Rd8d7
20.Rf1f2 Ra8d8
21.Nb5xa7 Qc6c5
22.Na7b5 Rd7e7
23.a4 Rd8e8
24.Bb2a3 Qc5e5
25.Ba3xe7 Re8xe7
26.f4 Qe5e3
27.Qd2xe3 Re7xe3
28.Nb5xd4 Re3xd3
29.Nd4b5 Bh3g4
30.a5 g6
31.c5 Nf6d5
32.Nb5d6 Rd3c3
33.Nd6xb7 Bg4f3
34.a6 Nd5c7
35.Nb7d6 Bf3c6
36.Nd6b7 Bc6xb7
37.axb7 Rc3b3
38.c6 Kf8
39.Ra1a8 { abandon }1-0

[Event "Memorial Lara CIV"]
[Site "www.echecsemail.com"]
[Date "2026.02.13"]
[Round "1"]
[White "Tartu"]
[Black "Pgo"]
[WhiteElo "1730"]
[BlackElo "1710"]
[Result "0-1"]
1.e4 e5
2.Ng1f3 Nb8c6
3.d4 exd4
4.Nf3xd4 Qd8f6
5.Nd4xc6 Qf6xc6
6.Bf1d3 Bf8c5
7.Nb1c3 Bc5b4
8.Bc1d2 Ng8e7
9.O-O O-O
10.a3 Bb4xc3
11.Bd2xc3 d6
12.Rf1e1 a6
13.h3 h6
14.e5 dxe5
15.Bc3xe5 Bc8e6
16.Bd3e4 Qc6b6
17.b4 Rf8d8
18.Qd1f3 Be6d5
19.Ra1d1 Bd5xe4
20.Qf3xe4 Rd8xd1
21.Re1xd1 Ne7g6
22.Be5g3 c6
23.c4 Ra8d8
24.Rd1e1 Rd8f8
25.c5 Qb6d8
26.Bg3d6 Qd8d7
27.h4 Rf8d8
28.h5 Ng6f8
29.Qe4f4 Nf8e6
30.Qf4g3 Ne6g5
31.Re1e7 Qd7f5
32.Re7xb7 Ng5e4
33.Qg3f4 Ne4xd6
34.Qf4xf5 Nd6xf5
35.g4 Nf5h4
36.Rb7b6 Rd8d1
37.Kh2 Nh4f3
38.Kg3 Nf3d4
39.Rb6xa6 Rd1d3
40.Kg2 Rd3b3
41.Kf1 Kf8
42.Ke1 Ke7
43.f4 Kd7
44.f5 Rb3e3
45.Kf2 Re3e4
46.Ra6a7 Ke8
47.Kg3 Nd4b5
48.Ra7a6 Re4e3
49.Kf4 Re3xa3
50.Ra6xc6 Kd7
51.Rc6b6 Nb5c7
52.c6 Kd6
53.b5 Nc7d5
{ abandon }0-1

[Event "Coupe Niveau 1"]
[Site "www.echecsemail.com"]
[Date "2026.02.13"]
[Round "1"]
[White "4x4"]
[Black "Jeff75019"]
[WhiteElo "1440"]
[BlackElo "1460"]
[Result "0-1"]
1.d4 Nb8c6
2.e3 e6
3.Bf1d3 Ng8f6
4.Nb1c3 Bf8b4
5.Bc1d2 a6
6.a3 Bb4a5
7.b4 Ba5b6
8.Qd1e2 O-O
9.Ng1f3 h6
10.O-O-O Qd8e7
11.Nc3a4 a5
12.Na4xb6 cxb6
13.c3 axb4
14.axb4 Nf6d5
15.c4 Nd5xb4
16.Bd2xb4 Qe7xb4
17.Qe2b2 Qb4a5
18.Nf3e1 Nc6b4
19.Ne1c2 Nb4a2
20.Kb1 Na2c3
21.Kc1 d6
22.Nc2a1 Nc3a2
23.Kc2 Na2b4
24.Kc3 Nb4c6
25.Kc2 e5
26.d5 Nc6b4
27.Kd2 f5
28.Rd1b1 Nb4xd3
29.Kxd3 e4
30.Ke2 f4
31.Na1b3 Qa5a4
32.f3 Qa4e8
33.Nb3d4 Qe8h5
34.Nd4e6 Rf8f7
35.Ne6xf4 Qh5g5
36.fxe4 Bc8g4
37.Kd3 Ra8e8
38.h3 Bg4d7
39.g4 Bd7xg4
40.hxg4 Qg5xg4
41.Rh1g1 Qg4c8
42.Qb2xb6 Re8e7
43.Nf4h5 Qc8b8
44.Rg1g6 Re7d7
45.Rg6xd6 Rd7xd6
46.Qb6d4 Qb8a8
47.e5 Rd6g6
48.Nh5f4 Rg6g4
49.e6 Rf7c7
50.Qd4e5 Qa8a3
51.Ke2 Qa3a2
52.Rb1b2 Qa2xc4
53.Nf4d3 Rg4g5
54.Qe5d4 Qc4a6
55.Kf3 Qa6a8
56.Nd3e5 Qa8f8
57.Ke4 Qf8f5
0-1

[Event "Défi( 10J+24H/c 10J Max )"]
[Site "www.echecsemail.com"]
[Date "2026.02.13"]
[Round "1"]
[White "Tartu"]
[Black "Geantvert"]
[WhiteElo "1680"]
[BlackElo "1860"]
[Result "0-1"]
1.f4 c5
2.Ng1f3 d5
3.d4 Ng8f6
4.e3 g6
5.Bf1b5 Bc8d7
6.Bb5xd7 Nb8xd7
7.O-O e6
8.Nb1c3 Bf8g7
9.Bc1d2 O-O
10.a3 Ra8c8
11.Nf3e5 cxd4
12.exd4 Nf6e4
13.Nc3xe4 dxe4
14.Ne5xd7 Qd8xd7
15.c3 f5
16.Qd1b3 b6
17.Ra1c1 Kf7
18.Bd2e3 Qd7d6
19.Rf1d1 Rf8d8
20.Kh1 Rc8c7
21.Qb3b4 Bg7f8
22.Qb4xd6 Bf8xd6
23.h4 Rd8c8
24.Kh2 Rc7c4
25.Rc1c2 b5
26.Rd1c1 a5
27.Be3d2 Rc4c6
28.Kg3 b4
29.axb4 axb4
30.c4 Rc6a6
31.b3 Ra6a3
32.c5 Bd6c7
33.Rc1b1 Bc7a5
34.c6 Ke7
35.Rc2c4 Kd8
36.Kh2 Kc7
37.Bd2xb4 Ba5xb4
38.Rc4xb4 Ra3a7
39.Rb1c1 Kd6
40.Kg1 Rc8xc6
41.Rc1xc6 Kxc6
42.Kf1 Kd5
43.g3 Ra7a1
44.Ke2 Ra1a2
45.Kf1 Ra2d2
46.Rb4b7 Rd2d3
47.Rb7xh7 Rd3xb3
48.Rh7d7 Kc6
49.Rd7g7 Rb3xg3
50.Kf2 Rg3f3
51.Ke2 Rf3g3
52.h5 Kd5
53.Rg7xg6 Rg3h3
54.h6 Kxd4
55.Rg6xe6 Rh3h2
56.Ke1 Ke3
57.Kf1 Kxf4
58.Re6a6 Kf3
59.Kg1 Rh2h4
60.Ra6a5 f4
61.Ra5a3 e3
62.Ra3a6 Rh4g4
63.Kf1 e2
{ abandon }0-1

[Event "Défi( 20J+48H/c 20J Max )"]
[Site "www.echecsemail.com"]
[Date "2026.02.13"]
[Round "1"]
[White "Jeff75019"]
[Black "Patau"]
[WhiteElo "1460"]
[BlackElo "1650"]
[Result "1/2-1/2"]
1.e4 e5
2.Ng1f3 Nb8c6
3.Bf1c4 Ng8f6
4.Nf3g5 Bf8c5
5.Ng5xf7 Bc5xf2
6.Kxf2 Nf6xe4
7.Ke1 Qd8h4
8.g3 Ne4xg3
{ nul }1/2-1/2

[Event "Tournoi n27448"]
[Site "www.echecsemail.com"]
[Date "2026.02.13"]
[Round "1"]
[White "Pioupiou22"]
[Black "Tiounet"]
[WhiteElo "1720"]
[BlackElo "1620"]
[Result "0-1"]
1.e4 a6
2.Ng1f3 b5
3.d4 Bc8b7
4.Bf1d3 Ng8f6
5.O-O Nf6xe4
6.Rf1e1 Ne4f6
7.Bc1g5 g6
8.Bg5xf6 Rh8g8
9.Bf6h4 Bf8g7
10.Bh4xe7 Qd8c8
11.Be7h4 Kf8
12.c3 d6
13.Nb1d2 Nb8d7
14.Re1e7 Nd7f6
15.Qd1e1 Nf6d5
16.Re7e2 Bg7f6
17.Bh4g3 Nd5b6
18.b4 Kg7
19.a3 Nb6d5
20.Ra1c1 Bf6g5
21.Bg3h4 Bg5xh4
22.Nf3xh4 Nd5f4
23.Re2e3 Qc8g4
24.g3 g5
25.Bd3e2 Nf4xe2
26.Qe1xe2 Qg4h3
27.g4 Qh3xh4
28.Re3g3 Ra8e8
29.Qe2f1 Kh8
30.Rc1e1 Bb7c8
31.Nd2f3 Qh4h6
32.Rg3h3 Qh6f6
33.Rh3h5 Bc8xg4
34.Re1xe8 Rg8xe8
35.Rh5xg5 Qf6xf3
36.d5 Re8g8
37.Rg5xg8 Kxg8
38.Qf1e1 Bg4h3
39.Qe1e8 Kg7
40.Qe8e3 Qf3g2
0-1

[Event "Eq:Avalon-au plaisir du jeux  :"]
[Site "www.echecsemail.com"]
[Date "2026.02.13"]
[Round "1"]
[White "Sierra117"]
[Black "Upsalin"]
[WhiteElo "1670"]
[BlackElo "2500"]
[Result "0-1"]
1.e4 e5
2.Ng1f3 Nb8c6
3.d4 exd4
4.Nf3xd4 Ng8f6
5.Nd4xc6 bxc6
6.Bc1g5 h6
7.Bg5h4 g5
8.Bh4g3 Nf6xe4
9.Bg3e5 Bf8b4
10.c3 Qd8e7
11.Qd1d4 Ne4xc3
12.Nb1xc3 Bb4d6
13.O-O-O Bd6xe5
14.Qd4e4 d5
15.Qe4c2 Ra8b8
16.a3 O-O
17.g3 Bc8g4
18.Rd1e1 Be5f4
{ abandon }0-1

[Event "Eq:Avalon-au plaisir du jeux  :"]
[Site "www.echecsemail.com"]
[Date "2026.02.13"]
[Round "1"]
[White "Upsalin"]
[Black "Sierra117"]
[WhiteElo "2500"]
[BlackElo "1670"]
[Result "1-0"]
1.d4 d5
2.c4 e6
3.Ng1f3 Ng8f6
4.cxd5 exd5
5.Nb1c3 c6
6.Bc1g5 Nb8d7
7.e3 Bf8e7
8.Bf1d3 h6
9.Bg5h4 O-O
10.Qd1c2 Rf8e8
11.O-O Nd7f8
12.Ra1e1 Nf6g4
13.Bh4g3 Be7d6
14.Bg3xd6 Qd8xd6
15.e4 dxe4
16.Nc3xe4 Qd6c7
17.h3 Ng4f6
18.Ne4xf6 { abandon }1-0

[Event "Défi"]
[Site "www.echecsemail.com"]
[Date "2026.02.13"]
[Round "1"]
[White "Arno"]
[Black "Roquefort"]
[WhiteElo "1730"]
[BlackElo "1910"]
[Result "1-0"]
1.d4 Ng8f6
2.Ng1f3 d6
3.e3 Bc8g4
4.Nb1d2 e6
5.Bf1d3 Bf8e7
6.O-O O-O
7.c4 c6
8.Qd1b3 b6
9.h3 Bg4h5
10.g4 Bh5g6
11.Bd3xg6 hxg6
12.Nf3g5 Nf6xg4
13.Ng5xe6 fxe6
14.hxg4 Be7h4
15.f4 Nb8d7
16.Nd2f3 e5
17.c5 Kh7
18.cxd6 exf4
19.e4 c5
20.d5 Qd8e8
21.Qb3c2 Nd7e5
22.Nf3h2 g5
23.Nh2f3 Bh4g3
24.Nf3xg5 Kg6
25.Ng5e6 Rf8h8
26.Ne6xf4 Bg3xf4
27.Rf1xf4 Rh8h4
28.Bc1e3 Qe8h8
29.Qc2g2 Ne5d3
30.Rf4f5 Rh4h3
31.Rf5g5 Kf7
32.Ra1f1 Ke8
33.Rg5xg7 Qh8h4
34.Rg7g8 Kd7
35.Rf1f7 Kxd6
36.Rg8g6 Ke5
37.Rf7f5 1-0

[Event "Tournoi n27417"]
[Site "www.echecsemail.com"]
[Date "2026.02.13"]
[Round "1"]
[White "Tiounet"]
[Black "Intrigue"]
[WhiteElo "1600"]
[BlackElo "1690"]
[Result "1-0"]
1.a3 b5
2.Ng1f3 Bc8b7
3.g3 Nb8c6
4.Bf1g2 Ng8f6
5.O-O g6
6.Nb1c3 Bf8g7
7.Nc3xb5 Bb7a6
8.a4 Ra8b8
9.c4 O-O
10.Ra1a3 e5
11.d3 Rf8e8
12.b3 d6
13.Nf3g5 Nc6e7
14.Nb5xa7 Rb8b7
15.Bg2xb7 Ba6xb7
16.Na7b5 c6
17.Nb5c3 h6
18.Ng5f3 c5
19.Nc3b5 Bb7xf3
20.exf3 Ne7f5
21.f4 exf4
22.Bc1xf4 Nf6h5
23.Bf4d2 Nf5d4
24.Nb5xd4 Bg7xd4
25.b4 Kh7
26.bxc5 Bd4xc5
27.Ra3a2 Nh5f6
28.Bd2c3 Nf6h5
29.Qd1f3 Re8e6
30.Qf3xf7 { abandon }1-0

[Event "Défi"]
[Site "www.echecsemail.com"]
[Date "2026.02.13"]
[Round "1"]
[White "Goedendag"]
[Black "Tartu"]
[WhiteElo "1830"]
[BlackElo "1720"]
[Result "1-0"]
1.c4 c5
2.Ng1f3 Ng8f6
3.e3 Nb8c6
4.d4 cxd4
5.exd4 d5
6.Nb1c3 Bc8g4
7.cxd5 Nf6xd5
8.Bf1e2 Nd5xc3
9.bxc3 e6
10.O-O Bf8d6
11.Ra1b1 b6
12.Qd1a4 Qd8d7
13.Rf1e1 O-O
14.h3 Bg4f5
15.Be2b5 Bf5xb1
16.Bb5xc6 Qd7c7
17.Bc6xa8 Rf8xa8
18.Bc1a3 Bb1d3
19.Ba3xd6 Qc7xd6
20.Nf3e5 b5
21.Qa4b3 Bd3g6
22.Qb3xb5 Ra8b8
23.Qb5d7 Qd6xd7
24.Ne5xd7 Rb8c8
25.Nd7c5 Kf8
26.f4 h5
27.g4 hxg4
28.hxg4 Bg6c2
29.Kf2 a5
30.Ke3 g6
31.Kd2 Bc2f5
32.gxf5 gxf5
33.Nc5xe6 fxe6
34.Re1xe6 Kf7
35.Re6e5 Rc8b8
36.Re5xf5 { abandon }1-0

[Event "Tournoi n27443"]
[Site "www.echecsemail.com"]
[Date "2026.02.13"]
[Round "1"]
[White "Verson"]
[Black "Oranmore"]
[WhiteElo "1820"]
[BlackElo "1910"]
[Result "1-0"]
1.d4 d5
2.Ng1f3 Ng8f6
3.e3 e6
4.Bf1d3 c5
5.c3 Bf8d6
6.Nb1d2 cxd4
7.exd4 O-O
8.O-O Nb8c6
9.Rf1e1 Qd8c7
10.Nd2f1 Rf8e8
11.Bc1g5 Nf6d7
12.Bd3c2 f5
13.Qd1d3 Nd7f8
14.Ra1c1 h6
15.Bg5d2 g5
16.c4 Qc7f7
17.a3 Bc8d7
18.b4 b6
19.Nf3e5 Bd6xe5
20.dxe5 dxc4
21.Qd3c3 Ra8c8
22.Bc2a4 Nc6b8
23.Ba4xd7 Qf7xd7
24.Bd2e3 Qd7b5
25.f4 gxf4
26.Be3xf4 Nf8g6
27.Bf4xh6 Nb8d7
28.Rc1d1 Nd7xe5
29.h4 Rc8c7
30.Bh6g5 Rc7d7
31.h5 Rd7xd1
32.Re1xd1 Ng6f8
33.Bg5f4 Ne5g4
34.Nf1e3 Ng4xe3
35.Bf4xe3 e5
36.a4 Qb5xa4
37.Qc3xc4 Nf8e6
38.Rd1d6 Kf7
39.g3 b5
40.Qc4c3 f4
41.gxf4 exf4
42.Be3xf4 Ne6xf4
43.Qc3f6 Kg8
44.Qf6g5 Kf8
45.Qg5xf4 { abandon }1-0

[Event "BERNARD MAS"]
[Site "www.echecsemail.com"]
[Date "2026.02.13"]
[Round "1"]
[White "Petitlulu64"]
[Black "Patau"]
[WhiteElo "1710"]
[BlackElo "1670"]
[Result "1-0"]
1.d4 d5
2.Ng1f3 Ng8f6
3.Nb1c3 Bc8f5
4.Bc1f4 e6
5.Nc3b5 Nb8a6
6.e3 Bf8d6
7.Nb5xd6 cxd6
8.Bf1xa6 bxa6
9.O-O O-O
10.Nf3h4 Bf5g4
11.f3 Bg4f5
12.Bf4g5 Qd8c7
13.Bg5xf6 gxf6
14.f4 Kh8
15.Qd1h5 Bf5g6
16.Nh4xg6 fxg6
17.Qh5h3 f5
18.c3 Qc7c4
19.Rf1c1 Qc4e2
20.b4 Rf8c8
21.Rc1e1 Qe2g4
22.Qh3xg4 fxg4
23.Re1c1 Rc8c4
24.a4 Ra8c8
25.Ra1a3 Kg7
26.Kf2 Kf6
27.Kg3 Kf5
28.h3 h5
29.hxg4 hxg4
30.b5 axb5
31.axb5 Rc8c7
32.Kf2 e5
33.dxe5 dxe5
34.fxe5 Kxe5
35.g3 Ke4
36.Ke2 Rc7h7
37.Rc1f1 Rh7h2
38.Rf1f2 Rh2xf2
39.Kxf2 Kd3
40.Ra3xa7 Kxc3
41.Ra7a6 Rc4b4
42.Ra6xg6 Rb4xb5
43.Rg6xg4 Rb5b6
44.Rg4d4 Rb6f6
45.Kg2 Rf6f5
46.g4 Rf5e5
47.Kf3 Re5g5
48.Kf4 { abandon }1-0

[Event "Tournoi n27423"]
[Site "www.echecsemail.com"]
[Date "2026.02.13"]
[Round "1"]
[White "Blackrider"]
[Black "Nicadria22"]
[WhiteElo "1730"]
[BlackElo "1900"]
[Result "1-0"]
1.e4 e6
2.g3 d5
3.e5 Nb8c6
4.d4 f6
5.Ng1f3 fxe5
6.Nf3xe5 a6
7.c3 Nc6xe5
8.dxe5 Bf8c5
9.Bf1g2 Ng8e7
10.O-O O-O
11.Bc1f4 Ne7g6
12.Kh1 Ng6xf4
13.gxf4 Qd8h4
14.Qd1e2 Rf8xf4
15.f3 Bc8d7
16.a4 Ra8f8
17.Nb1d2 Bd7xa4
18.b3 Ba4b5
19.c4 dxc4
20.bxc4 Bb5xc4
21.Nd2xc4 Rf4xc4
22.Ra1c1 Rc4xc1
23.Rf1xc1 Bc5b6
24.Rc1c4 Qh4e7
25.h3 Qe7g5
26.Rc4g4 Qg5c1
27.Kh2 Qc1g1
28.Kg3 Bb6f2
29.Qe2xf2 Qg1a1
30.f4 b6
31.Bg2e4 Qa1c1
32.h4 Qc1c3
33.Be4f3 Qc3d3
34.h5 h6
35.Qf2g2 Qd3f5
36.Rg4h4 g5
37.Rh4g4 Kh8
38.Bf3e4 gxf4
39.Kh2 Qf5xh5
40.Qg2h3 Qh5xh3
41.Kxh3 Rf8g8
42.Rg4xf4 Rg8g5
43.Rf4f6 Rg5xe5
44.Rf6xh6 Kg8
45.Rh6h4 Kg7
46.Kg3 Re5xe4
47.Rh4xe4 Kf6
48.Kf4 Ke7
49.Ke5 a5
50.Re4h4 Kd7
51.Rh4h6 Kc6
52.Rh6xe6 Kb5
53.Kd5 Ka6
54.Kc6 { abandon }1-0

[Event "Coupe Niveau 4"]
[Site "www.echecsemail.com"]
[Date "2026.02.13"]
[Round "1"]
[White "Verson"]
[Black "Carrighir"]
[WhiteElo "1820"]
[BlackElo "2100"]
[Result "0-1"]
1.d4 f5
2.Ng1f3 e6
3.e3 Ng8f6
4.Bf1d3 d6
5.Nb1d2 Bf8e7
6.O-O O-O
7.c3 c6
8.e4 fxe4
9.Nd2xe4 Nb8d7
10.Bc1f4 Nf6xe4
11.Bd3xe4 Rf8xf4
12.Be4c2 Qd8f8
13.Qd1d3 g6
14.Ra1e1 Nd7b6
15.Re1e4 Rf4xe4
16.Qd3xe4 Bc8d7
17.Rf1e1 Ra8e8
18.h3 Nb6d5
19.a3 Nd5f6
20.Qe4d3 Nf6d5
21.Qd3d2 Nd5f4
22.Re1e4 Nf4xh3
23.Kh2 d5
24.Re4e5 Nh3f4
25.g3 Nf4h5
26.Nf3h4 Be7xh4
27.gxh4 Qf8f4
28.Qd2xf4 Nh5xf4
29.Kg3 Re8f8
30.Re5e3 Nf4h5
31.Kg2 Rf8f4
32.Re3f3 Kf7
33.Bc2d3 Kf6
{ abandon }0-1

[Event "Gisèle 2"]
[Site "www.echecsemail.com"]
[Date "2026.02.13"]
[Round "1"]
[White "Intrigue"]
[Black "Turbo"]
[WhiteElo "1680"]
[BlackElo "1360"]
[Result "0-1"]
1.d4 d5
2.c4 dxc4
3.Nb1c3 Ng8f6
4.e4 a6
5.Bf1xc4 b5
6.Bc4e2 Bc8b7
7.d5 c6
8.Bc1g5 cxd5
9.e5 Nf6d7
10.Nc3xd5 Nd7xe5
11.Nd5c3 Qd8c8
12.Ng1f3 Ne5xf3
13.Be2xf3 Bb7xf3
14.Qd1xf3 f6
15.Bg5h4 Ra8a7
16.O-O e5
17.Rf1e1 Bf8b4
18.Ra1c1 O-O
19.a3 Nb8d7
20.Nc3xb5 Qc8b8
21.Nb5xa7 Bb4xe1
22.Rc1xe1 Qb8xa7
23.b4 g5
24.Bh4g3 Rf8e8
25.Qf3h5 Re8f8
26.h4 Kg7
27.Re1d1 h6
28.Kh2 Kh7
29.Qh5g4 f5
30.Qg4c4 f4
31.Qc4e4 Kg7
32.Rd1d6 Rf8f6
33.Rd6xf6 Nd7xf6
34.hxg5 Nf6xe4
{ abandon }0-1

[Event "Défi"]
[Site "www.echecsemail.com"]
[Date "2026.02.13"]
[Round "1"]
[White "Roquefort"]
[Black "Jenperlatete"]
[WhiteElo "1910"]
[BlackElo "1850"]
[Result "0-1"]
1.e4 e5
2.f4 Nb8c6
3.Ng1f3 exf4
4.Bf1e2 Bf8c5
5.d4 Bc5b6
6.O-O Qd8f6
7.c3 Nc6e5
8.Nf3xe5 Qf6xe5
9.Bc1xf4 Qe5xe4
10.Be2c4 Ng8e7
11.Nb1d2 Qe4c6
12.Qd1b3 O-O
13.Bf4g5 d5
14.Bg5xe7 dxc4
15.Qb3xc4 Qc6xc4
16.Nd2xc4 Rf8e8
17.Be7h4 Bc8e6
18.Nc4e5 c5
19.Ne5c4 Be6xc4
20.Rf1f5 cxd4
21.cxd4 Bb6xd4
22.Bh4f2 Bd4xb2
23.Ra1b1 Re8e2
24.Rb1f1 Re2d2
25.Rf1b1 Bc4xa2
26.Rb1e1 b6
27.h3 Ba2e6
28.Rf5b5 Ra8c8
{ abandon }0-1

[Event "020226"]
[Site "www.echecsemail.com"]
[Date "2026.02.13"]
[Round "1"]
[White "4x4"]
[Black "Mindthegap"]
[WhiteElo "1430"]
[BlackElo "1440"]
[Result "1-0"]
1.Ng1f3 Nb8c6
2.d4 d5
3.e3 e6
4.Bf1d3 Ng8f6
5.Nb1c3 Bf8b4
6.Bc1d2 O-O
7.a3 Bb4xc3
8.Bd2xc3 Nf6e4
9.Bd3xe4 dxe4
10.Nf3e5 Nc6xe5
11.dxe5 Qd8xd1
12.Ra1xd1 b6
13.O-O Bc8a6
14.Rf1e1 Rf8d8
15.Rd1d2 Rd8xd2
16.Bc3xd2 Ra8d8
17.Bd2c3 Ba6b7
18.Bc3d4 c5
19.Bd4c3 a5
20.Re1e2 Bb7a6
21.Re2d2 Rd8xd2
22.Bc3xd2 g5
23.b3 h5
24.c3 g4
25.c4 Kg7
26.f3 Ba6b7
27.f4 Kg6
28.g3 Bb7c6
29.b4 Kf5
30.bxa5 bxa5
31.Bd2xa5 Bc6a4
32.Ba5b6 h4
33.Bb6xc5 Ba4d1
34.Bc5e7 Bd1f3
35.Be7xh4 Bf3d1
36.Kf2 Bd1b3
37.c5 Bb3a4
38.Ke2 Ba4b5
39.Kd2 Bb5c6
40.Kc3 Bc6d7
41.Kb4 Kg6
42.a4 { abandon }1-0

[Event "Tournoi n27455"]
[Site "www.echecsemail.com"]
[Date "2026.02.13"]
[Round "1"]
[White "Jlr"]
[Black "Raymar"]
[WhiteElo "1440"]
[BlackElo "1530"]
[Result "0-1"]
1.e4 e5
2.d3 d6
3.a3 Nb8c6
4.Nb1c3 Bc8e6
5.b4 Nc6d4
6.h3 Ng8f6
7.Nc3a4 b5
8.Na4c3 a6
9.a4 c6
10.a5 c5
11.Bc1g5 Bf8e7
12.bxc5 dxc5
13.g4 Nf6d7
14.Bg5xe7 Qd8xe7
15.Qd1d2 h6
16.Bf1g2 Ra8b8
17.Nc3e2 Nd4c6
18.Ne2g3 c4
19.d4 exd4
20.Qd2f4 O-O
21.e5 Nc6b4
22.Bg2e4 d3
23.O-O-O Nb4xc2
24.Ng3h5 Qe7g5
25.Qf4xg5 hxg5
26.Ng1f3 b4
27.Nf3xg5 b3
28.Kd2 Nd7c5
29.Be4h7 Kh8
30.Kc3 Rb8b5
31.Ng5xe6 fxe6
32.Kxc4 Kxh7
33.Rd1xd3 Rb5xa5
34.f4 Ra5a1
35.Rh1h2 Rf8c8
36.Rd3c3 Ra1a4
0-1

[Event "Défi"]
[Site "www.echecsemail.com"]
[Date "2026.02.13"]
[Round "1"]
[White "Luz"]
[Black "Intrigue"]
[WhiteElo "1740"]
[BlackElo "1760"]
[Result "1-0"]
1.d4 d5
2.Ng1f3 Ng8f6
3.Bc1f4 c6
4.e3 e6
5.Nb1d2 Bf8d6
6.Nf3e5 Nb8d7
7.Ne5xf7 Kxf7
8.Bf4xd6 Nd7b6
9.Bd6b4 a5
10.Bb4a3 Bc8d7
11.Bf1e2 Rh8e8
12.Nd2f3 Ra8c8
13.O-O Kg8
14.Nf3e5 Rc8c7
15.b3 Nb6c8
16.Be2d3 b5
17.Ba3c5 Rc7b7
18.a3 Nc8e7
19.Qd1f3 Re8f8
20.Qf3h3 Bd7e8
21.Qh3xe6 Kh8
22.Qe6h3 Be8d7
23.Qh3f3 Nf6e4
24.Qf3h5 Rf8f5
25.Ne5f7 Rf5xf7
26.Qh5xf7 Ne7g6
27.b4 axb4
28.Bc5xb4 Bd7c8
29.Qf7f3 Ng6h4
30.Qf3f4 Nh4g6
31.Qf4f3 Ne4g5
32.Qf3h5 Qd8f6
33.f4 Ng5e4
34.a4 Bc8f5
35.axb5 h6
36.Ra1a8 Kh7
37.Ra8a6 Rb7c7
38.b6 Rc7b7
39.Bb4a5 Ne4d6
40.Ra6a7 Bf5xd3
41.cxd3 Qf6e7
42.Rf1e1 Rb7xa7
43.bxa7 Qe7xa7
44.Ba5b4 Nd6b5
45.f5 Ng6h8
46.Kh1 g6
47.Qh5g4 h5
48.Qg4g5 Qa7a4
49.Bb4f8 Qa4a5
50.Qg5h6 { abandon }1-0

[Event "GIRL"]
[Site "www.echecsemail.com"]
[Date "2026.02.13"]
[Round "1"]
[White "Mindthegap"]
[Black "Tartu"]
[WhiteElo "1430"]
[BlackElo "1720"]
[Result "0-1"]
1.e4 e5
2.Ng1f3 Nb8c6
3.Nb1c3 Ng8f6
4.Bf1c4 Bf8e7
5.d3 O-O
6.O-O d6
7.h3 a6
8.Rf1e1 h6
9.h4 Bc8g4
10.Nc3d5 Nc6d4
11.Nd5xf6 Be7xf6
12.Qd1d2 Bg4xf3
13.Qd2c3 Bf3g4
14.Bc1e3 Nd4e6
15.Bc4xe6 Bg4xe6
16.d4 exd4
17.Qc3b4 dxe3
18.Qb4xb7 exf2
{ abandon }0-1

[Event "Coupe Niveau 6"]
[Site "www.echecsemail.com"]
[Date "2026.02.13"]
[Round "1"]
[White "Alain64"]
[Black "Zax"]
[WhiteElo "2070"]
[BlackElo "2300"]
[Result "0-1"]
1.c4 Ng8f6
2.Nb1c3 g6
3.d4 Bf8g7
4.Ng1f3 O-O
5.e4 d6
6.Bf1e2 c5
7.d5 e6
8.O-O Rf8e8
9.Rf1e1 Nb8a6
10.Bc1g5 Na6c7
11.Qd1d2 exd5
12.cxd5 h6
13.Bg5xh6 Nf6xe4
14.Nc3xe4 Re8xe4
15.Bh6xg7 Kxg7
16.Ra1d1 Qd8f6
17.Qd2c3 Bc8g4
18.h3 Bg4xf3
19.Be2xf3 Re4xe1
20.Rd1xe1 Ra8e8
21.Re1xe8 Qf6xc3
22.bxc3 Nc7xe8
23.Kf1 b5
24.Ke2 Kf6
25.Kd3 Ke5
26.g3 c4
27.Kd2 Ne8f6
28.Bf3g2 Nf6xd5
29.f4 Ke6
30.Bg2f1 Kf5
31.a4 a6
32.axb5 axb5
33.Bf1e2 Ke4
34.Be2g4 Nd5c7
35.Ke2 Kd5
36.Ke3 Kc5
37.h4 b4
38.cxb4 Kxb4
39.Bg4d1 Kc3
40.g4 d5
41.h5 d4
42.Kf2 gxh5
43.gxh5 Nc7e6
44.Kg3 Kd2
45.h6 Ne6f8
46.Bd1h5 c3
47.Bh5xf7 c2
48.f5 c1Q
49.Bf7g6 Qc1g1
{ abandon }0-1

[Event "Eq:modesty-Avalon :"]
[Site "www.echecsemail.com"]
[Date "2026.02.13"]
[Round "1"]
[White "Di67"]
[Black "Thierry7ardeche"]
[WhiteElo "1380"]
[BlackElo "2090"]
[Result "0-1"]
1.e4 d6
2.d4 Ng8f6
3.Nb1c3 c6
4.d5 cxd5
5.exd5 a6
6.Bf1c4 b5
7.Bc4b3 Nb8d7
8.Ng1f3 Nd7c5
9.O-O g6
10.h3 Bf8g7
11.a3 Nc5xb3
12.Ra1b1 Nb3xc1
13.Rb1xc1 O-O
14.Nf3d4 Bc8b7
15.Nd4f3 Qd8d7
16.Qd1e2 Nf6xd5
17.Rf1d1 Nd5xc3
18.Qe2d3 Nc3xd1
19.Rc1xd1 Bg7xb2
20.Rd1b1 Bb2g7
21.Rb1e1 Bb7xf3
22.Qd3xf3 Ra8c8
23.Re1e2 Rc8c5
24.Kf1 Rf8c8
25.Qf3g4 Qd7xg4
26.hxg4 Rc5xc2
27.Re2xe7 Rc8c7
28.Re7e8 Bg7f8
29.f3 Rc2a2
30.Re8e3 Rc7c1
31.Re3e1 Rc1xe1
32.Kxe1 Ra2xg2
33.Kf1 Rg2a2
34.g5 d5
35.f4 Bf8xa3
36.Ke1 Ba3d6
37.f5 b4
38.fxg6 fxg6
39.Kd1 b3
40.Kc1 Bd6e5
41.Kb1 Ra2h2
42.Kc1 b2
43.Kb1 Rh2h1
44.Kc2 b1Q
45.Kd2 Rh1h3
46.Ke2 Qb1c2
{ abandon }0-1